000 00546nam a2200217Ia 4500
003 OSt
005 20220923225817.0
006 a|||||r|||| 00| 0
007 ta
008 220922b |||||||| |||| 00| 0 snd d
024 _a274,898
037 _cTextual
040 _aARTS
_cARTS
_bsnd
041 _2snd
_asnd
082 _aV2y7K63, 1593L0
245 0 _aछत्रपति शिवाजी
246 _aChhatrapati shivājī
260 _c1970
942 _hV2y7K63, 1593L0
_cTEXL
_2CC
999 _c380558
_d380558